Normal view
MARC view
- Bontrager Kenneth L
Entry Personal Name
001 - CONTROL NUMBER
- control field: 4304
003 - CONTROL NUMBER IDENTIFIER
- control field: OSt
005 - DATE AND TIME OF LATEST TRANSACTION
- control field: 20171026105407.0
008 - FIXED-LENGTH DATA ELEMENTS
- fixed length control field: 171026|| aca||aabn | a|a d
040 ## - CATALOGING SOURCE
- Original cataloging agency: OSt
- Transcribing agency: OSt
100 ## - HEADING--PERSONAL NAME
- Personal name: Bontrager Kenneth L
670 ## - SOURCE DATA FOUND
- Source citation: Work cat.: (OSt): Bontrager Kenneth L, Textbook of Radiographic and Related Anatomy